Terapéutica física. (Record no. 187328)

MARC details
000 -LEADER
campo de control de longitud fija 00988nam a2200229 i 4500
001 - NÚMERO DE CONTROL
campo de control 187328
003 - IDENTIFICADOR DE NÚMERO DE CONTROL
campo de control SpMaBN
005 - FECHA Y HORA DE LA ÚLTIMA TRANSACCIÓN
campo de control 20251010164857.0
008 - DATOS DE LONGITUD FIJA--INFORMACIÓN GENERAL
campo de control de longitud fija 170602s1928 sp af |||| | spa d
080 ## - NÚMERO DE LA CLASIFICACIÓN DECIMAL UNIVERSAL
Número de la Clasificación Decimal Universal 615.8
245 00 - MENCIÓN DEL TÍTULO
Título Terapéutica física.
Número de parte o sección de la obra I /
Mención de responsabilidad, etc. con un prefacio del prof. Luis Devoto ; traducción española del dr. D. Jaime Pí Suñer Bayo ; con prólogo y aditamentos por los doctores Hipólito R. Pinilla y Antonio Piga ; colaboradores, Alberto Botti ... [et al.].
260 ## - PUBLICACIÓN, DISTRIBUCIÓN, ETC.
Lugar de publicación, distribución, etc. Barcelona :
Nombre del editor, distribuidor, etc. A. Wassermann,
Fecha de publicación, distribución, etc. 1928.
300 ## - DESCRIPCIÓN FÍSICA
Extensión 1 v. (632 p., [6] h. de lám.) :
Otras características físicas il. ;
Dimensiones 18 cm.
500 ## - NOTA GENERAL
Nota general Índices.
505 8# - NOTA DE CONTENIDO CON FORMATO
Nota de contenido con formato Contiene: t. I
650 #7 - PUNTO DE ACCESO ADICIONAL DE MATERIA--TÉRMINO DE MATERIA
Término de materia o nombre geográfico como elemento de entrada Fisioterapia.
9 (RLIN) 140466
700 1# - ENTRADA AGREGADA--NOMBRE PERSONAL
Nombre de persona Pi-Sunyer Bayo, Jaume.
9 (RLIN) 91724
700 1# - ENTRADA AGREGADA--NOMBRE PERSONAL
Nombre de persona Rodríguez Pinilla, Hipólito,
Fechas asociadas al nombre 1860-1936
9 (RLIN) 98733
700 1# - ENTRADA AGREGADA--NOMBRE PERSONAL
Nombre de persona Piga y Pascual, Antonio.
9 (RLIN) 91988
852 ## - LOCALIZACIÓN
Ubicación ES-MaACL
Número de control de estantería L-31680
Nota libre - enc. cart.
-- . - Donat. herederos de la bibl. de Mª del Pilar Costa Palacín
Holdings
Estatus retirado Estado de pérdida Estado de daño No para préstamo Biblioteca de origen Biblioteca actual Ubicación en estantería Fecha de adquisición Fuente de adquisición Total de préstamos Signatura topográfica completa Código de barras Visto por última vez Precio de reemplazo Tipo de ítem Koha
        Biblioteca del Ateneo de Madrid Biblioteca del Ateneo de Madrid Depósito 2 02/06/2017     L-31680 1197694 23/02/2023 23/02/2023 Libro impreso